|
|
|
|
| LEADER |
00000cam a2200000 4500 |
| 001 |
vtls011981724 |
| 003 |
SK-MaSNL |
| 005 |
20260301190317.0 |
| 008 |
220509s2018 xo frn 001 0 slo |
| 015 |
|
|
|a SNBA2021/03
|
| 020 |
|
|
|a 9788081527104
|q (brožované)
|
| 035 |
|
|
|a urn:nbn:sk:snk-am00gejo
|
| 035 |
|
|
|a urn:nbn:sk:snk-am3j6dm
|
| 035 |
|
|
|a 36806024-0CDA-43D3-B5B0-96970F0FAA3E
|
| 040 |
|
|
|a SNK
|b slo
|c SNK
|e rda
|
| 041 |
0 |
|
|a slo
|b eng
|
| 044 |
|
|
|a xo
|c SK
|
| 072 |
|
7 |
|a 14(100-15)"15/20"
|x Moderné západné filozofie
|2 konspekt
|
| 080 |
|
|
|a 14(091)
|2 2011
|
| 080 |
|
|
|a 14(430)
|2 2011
|
| 080 |
|
|
|a 165.721
|2 2001
|
| 080 |
|
|
|a 159.947
|2 2011
|
| 080 |
|
|
|a (048.8)
|2 2011
|
| 100 |
1 |
|
|a Bajla, Michal
|4 aut
|9 436399
|
| 245 |
1 |
0 |
|a Heidegger a Nietzsche - problém filozofického nihilizmu
|c Michal Bajla
|
| 246 |
3 |
0 |
|a Problém filozofického nihilizmu
|
| 250 |
|
|
|a Vydanie prvé
|
| 264 |
|
1 |
|a Košice
|b ŠafárikPress
|b Univerzita Pavla Jozefa Šafárika v Košiciach
|c 2018
|
| 300 |
|
|
|a 201 strán
|c 20 cm
|
| 336 |
|
|
|a text
|b txt
|2 rdacontent
|
| 337 |
|
|
|a bez média
|b n
|2 rdamedia
|
| 338 |
|
|
|a zväzok
|b nc
|2 rdacarrier
|
| 366 |
|
|
|e 100 kusov
|
| 490 |
1 |
|
|a Acta Facultatis Philosophicae Universitatis Šafarikianae
|v 128/2018
|a Monografia
|
| 504 |
|
|
|a Obsahuje bibliografiu na strane 183-197 ; bibliografické odkazy ; register
|
| 546 |
|
|
|a Anglické resumé
|
| 600 |
1 |
7 |
|a Heidegger, Martin,
|d 1889-1976
|2 SNKMA
|9 109315
|
| 600 |
1 |
7 |
|a Nietzsche, Friedrich,
|d 1844-1900
|2 SNKMA
|9 107677
|
| 648 |
|
7 |
|a 19.-20. storočie
|2 SNKPH
|9 279491
|
| 648 |
|
7 |
|a 19th-20th centuries
|2 SNKPHeng
|9 282960
|
| 650 |
0 |
7 |
|a dejiny filozofie
|2 SNKPH
|9 66641
|
| 650 |
0 |
7 |
|a nemecká klasická filozofia
|2 SNKPH
|9 67364
|
| 650 |
0 |
7 |
|a nihilizmus
|2 SNKPH
|9 16694
|
| 650 |
0 |
7 |
|a vôľa
|2 SNKPH
|9 19968
|
| 650 |
0 |
7 |
|a History of philosophy
|2 SNKPHeng
|9 281655
|
| 650 |
0 |
7 |
|a German philosophy
|2 SNKPHeng
|9 316671
|
| 650 |
0 |
7 |
|a Nihilism
|2 SNKPHeng
|9 325420
|
| 650 |
0 |
7 |
|a Will
|2 SNKPHeng
|9 316673
|
| 655 |
|
7 |
|a monografie
|2 SNKPH
|9 70139
|
| 655 |
|
7 |
|a Monographs
|2 SNKPHeng
|9 120675
|
| 830 |
|
0 |
|a Acta Facultatis Philosophicae Universitatis Šafarikianae
|9 329543
|
| 919 |
|
|
|a 978-80-8152-710-4
|
| 958 |
|
|
|a NB
|
| 999 |
|
|
|c 867021
|d 868951
|
| 952 |
|
|
|a SNK
|b SNK
|y PREZ
|7 0
|p 17A1427973
|o snkSD 89347
|i snk2020/16031
|8 0
|0 0
|1 0
|4 0
|d 2020-09-10
|f 1
|l 0
|r 2026-02-24 05:30:42
|w 2026-02-24
|
| 952 |
|
|
|a SNK
|b SNK
|y VYP
|7 0
|p 17A1427974
|o snkSD 89347 D1
|i snk2020/18995
|8 0
|0 0
|1 0
|4 0
|d 2020-10-19
|l 0
|r 2026-02-24 05:30:42
|w 2026-02-24
|